000 01009nam a2200265 i 4500
001 bg
003 BPK
005 20220127084706.0
008 971016s1988 pl a f f |000 0 pol
015 _aPB 1989/1643
040 _aWA N
_cBPK
080 _a681.5
080 _a(075.8)
245 0 0 _aLaboratorium podstaw automatyki :
_bpraca zbiorowa.
_nT. 2 /
_cpod red. Józefa Lisowskiego ; [oprac. Zespół Teorii i Techniki Sterowania Instytutu Automatyki Okrętowej w składzie Andrzej Gawrychowski et al. ; Wyższa Szkoła Morska].
260 _aGdynia :
_bWydaw. Uczelniane WSM,
_c1988.
300 _a 202 s. :
_brys., wykr. ;
_c21 cm.
504 _aBibliogr. przy rozdz.
655 4 _aPodręczniki akademickie
650 4 _aSterowanie
650 4 _aAutomatyka
700 1 _aGawrychowski, Andrzej.
700 1 _aLisowski, Józef
_d(1943- )
_eRedakcja
942 _2UKD
_cKS
856 _uhttp://koha.tu.koszalin.pl/cgi-bin/koha/opac-detail.pl?biblionumber=3854
_yKatalog online BPK
999 _c3854
_d3854